| 000 | 00812cam a2200241 a 4500 | ||
|---|---|---|---|
| 001 | 15707182 | ||
| 005 | 20260325115713.0 | ||
| 008 | 090421s2009 enka b 001 0 eng | ||
| 020 |
_a9780566088353 _qhbk. : alk. paper |
||
| 020 |
_a0566088355 _qhbk. : alk. paper |
||
| 020 |
_a9780566091841 _qebook |
||
| 020 |
_a0566091844 _qebook |
||
| 050 | 0 | 0 |
_aHD9000.5 _b.B437 2009 |
| 082 | 0 | 0 |
_a630.68/5 _222 |
| 245 | 0 | 0 |
_aBenchmarking in food and farming : _bcreating sustainable change / _c[edited by] Lisa Jack. |
| 260 |
_aFarnham, England ; _aBurlington, VT : _bGower, _cc2009. |
||
| 300 |
_avi, 132 p. : _bill. ; _c26 cm. |
||
| 650 | 0 |
_aAgricultural industries _xManagement. |
|
| 650 | 0 |
_aFood industry and trade _xManagement. |
|
| 650 | 0 | _aBenchmarking (Management) | |
| 700 | 1 | _aJack, Lisa. | |
| 942 |
_2lcc _cBK _n0 |
||
| 999 |
_c9145 _d9145 |
||